Legal Awareness/Legal Reasoning 2024-25/ (Record no. 203614)

MARC details
000 -LEADER
fixed length control field 00760nam a22002057a 4500
005 - DATE AND TIME OF LATEST TRANSACTION
control field 20240614165408.0
010 ## - LCCN (DPL NO)
LC control number ENG-140622
020 ## - INTERNATIONAL STANDARD BOOK NUMBER
Terms of availability 749.00
International Standard Book Number 9788119896691
035 ## - SYSTEM CONTROL NUMBER
System control number EN-124154
037 ## - SOURCE OF ACQUISITION
Source of stock number/acquisition DBAD
082 ## - DEWEY DECIMAL CLASSIFICATION NUMBER
Classification number 340.07
Edition number 11
100 ## - MAIN ENTRY--PERSONAL NAME
Personal name Bhardwaj, AP
245 ## - TITLE STATEMENT
Title Legal Awareness/Legal Reasoning 2024-25/
Statement of responsibility, etc By AP Bhardwaj
250 ## - EDITION STATEMENT
Edition statement 11
260 ## - PUBLICATION, DISTRIBUTION, ETC. (IMPRINT)
Place of publication, distribution, etc Noida
Name of publisher, distributor, etc Pearson India Education Pvt Ltd
Date of publication, distribution, etc 2024
270 ## - ADDRESS
Address 1st Floor, Berger Tower, Plot No. C-001/2, Sector 16B
City Noida
Postal code 201301
Electronic mail address companysecretary.india@pearson.com
300 ## - PHYSICAL DESCRIPTION
Extent cxvii,vp.
Dimensions 25cm(pbk)
Other physical details Index
500 ## - GENERAL NOTE
General note For Clat,Slat,Ailet <br/>Also Useful For PU,DU,BHU,IPU,UPES,MAH(CET-Law) & Other UG/PG Law Entrance Exams
942 ## - ADDED ENTRY ELEMENTS (KOHA)
Source of classification or shelving scheme Dewey Decimal Classification
Item type English Books
Classification part 340.07
Call number suffix BHA
Edition 11
Holdings
Withdrawn status Lost status Not for loan Collection code Home library Current library Date acquired Source of acquisition Cost, normal purchase price Full call number Barcode Copy number Cost, replacement price Koha item type
      Non-fiction Central Library Central Library 14/06/2024 DBAD 749.00 340.07 BHA EN-124154 1 749.00 English Books

© Delhi Public Library
Hit Counter
free hit counter